00621cam a2200181 a 450000100060000000300100000600500170001600800410003303500190007404000360009304100080012908200160013724501620015326000350031530000340035065000280038470000270041222876 BD-RjUL 20211209000850.0140309s1948 xx 000 0 eng u a(BD-RjUL)22941 aOSUdEQOdBD-RjULbengcBD-RjUL aeng a893.13bLAN00aLand of enchanters :bEgyptian short stories from the earliest times to the present day /cedited and introduced by Bernard Lewis, and illustrated by Ali Nur aLondon :bHarvill Press,c1948 aix, 157 p. :billus. ;c23 cm 0aShort stories, Egyptian1 aLewis, Bernard,d1916-